000 00406nam a2200169Ia 4500
008 210716s1996 xx 000 0 und d
020 _a0697316165
041 _aeng
082 _a174.4 RICJ
100 _aRichardson, John E.
245 _aBusiness ethics .
250 _a8
260 _aUSA
_bDushkin Publishing
_c1996
300 _a240
650 _aBusiness Ethics
700 _aRichardson, John E.
999 _c198960
_d198960